| 000 | 00407nam a2200169Ia 4500 | ||
|---|---|---|---|
| 008 | 170705s9999 xx 000 0 und d | ||
| 020 | _a9780399225031 | ||
| 245 | 4 | _aThe bracelet / | |
| 245 | _cby Yoshiko Uchida and Joanna Yardley. | ||
| 260 | _aNew York : | ||
| 260 | _bPhilomel Books, | ||
| 260 | _c1976 | ||
| 300 | _aunpaged : | ||
| 300 | _bchiefly colored ; | ||
| 300 | _c25cm. | ||
| 500 | _a710 | ||
| 999 |
_c337328 _d337328 |
||